000 00773nam a22001935i 4500
001 157186
003 ES-MaACL
005 20230906210619.0
008 040810s1860 fr |||| | fre d
080 _a94(450)"1849/1870"
100 1 _aLasteyrie, Ferdinand de.
_9128728
245 1 0 _aItalie Centrale :
_bl'annexion considerée aux points de vue italien et français /
_cpar Ferdinand de Lasteyrie.
260 _aParis :
_bE. Dentú,
_c1860 (
_fImp. L. Tinterlin et Cie.)
300 _a31 p. ;
_c22 cm.
651 4 _aItalia-
_xHistoria-
_y1849-1870.
_98869
651 4 _aItalia-
_xPolítica y gobierno-
_y1849-1870.
_9171686
651 4 _aFrancia-
_xPolítica y gobierno-
_y1789-1900.
_9168377
852 4 _aES-MaACL
_jT-55-F-11
_z- Enc. hol.
_z- Enc. en un vol. facticio
999 _c157186
_d157186